Aplikácia zelenej logistiky v podniku diplomová práca

Uložené v:
Podrobná bibliografia
Hlavný autor: Kišová, Tímea
Korporativný autor: Fakulta podnikového manažmentu EU. Katedra manažmentu výroby a logistiky - zrušená
Ďalší autori: Boorová, Brigita, 1979-
Médium: Kniha
Jazyk:Slovak
Vydavateľské údaje: Bratislava 2021
Tagy: Pridať tag
Žiadne tagy, Buďte prvý, kto otaguje tento záznam!

MARC

LEADER 00000nbm a2200000 4500
001 0275794
005 20211125131649.7
041 0 |a slo 
044 |a SK 
245 1 0 |a Aplikácia zelenej logistiky v podniku  |b diplomová práca  |c Tímea Kišová ; školiteľ: Brigita Boorová 
264 1 |a Bratislava  |c 2021 
300 |a 84 s. 
100 1 |a Kišová, Tímea 
700 1 |a Boorová, Brigita, 1979- 
710 2 |a Fakulta podnikového manažmentu EU. Katedra manažmentu výroby a logistiky - zrušená